| 000 | 01065nam0a22002771 4500 | ||
|---|---|---|---|
| 001 | rc\2775971 | ||
| 005 | 20250806204754.0 | ||
| 035 | _a(NLR Aleph) 006902261 | ||
| 090 |
_a19097 _c19097 |
||
| 100 | _a20110915d1941 u y0rusy50 ca | ||
| 101 | 0 | _arus | |
| 102 | _aRU | ||
| 105 | _aa z ||||| | ||
| 200 | 1 |
_aНародное здравоохранение в Грузинской ССР. XX лет _e[Сб. статей] _f[Отв. ред. Г. З. Пицхелаури] _gНар. ком. здрав. Груз. ССР |
|
| 210 |
_aТбилиси _cГрузмедгиз _d1941 |
||
| 215 |
_a140 с. _cил. _d26 см. |
||
| 300 | _aПрил. к №№ 1-2 жур. "Сабчота медицина" | ||
| 702 | 1 |
_aПицхелаури _bГ.З. _gГригорий Захарович _4340 |
|
| 712 | 0 | 1 |
_aГССР _bНародный ком. здрав. |
| 801 | 0 |
_aRU _bNLR _gpsbo |
|
| 801 | 1 |
_aRU _bELAR _2rusmarc |
|
| 852 |
_aNLR _jМд96 Г-7/1 |
||
| 942 | _cBOOK | ||
| 945 | _aРоссийская национальная библиотека | ||
| 980 | _aNB | ||
| 980 | _aBV | ||